| 000 | 00487nam a2200169Ia 4500 | ||
|---|---|---|---|
| 008 | 140626s9999 xx 000 0 und d | ||
| 100 | _aPiorier, Marie. | ||
| 245 |
_aShort-term memory in Autism Spectrum Disorder / _cMarie Piorier ... [et al.]. |
||
| 260 | _cc2011. | ||
| 300 | _a120 : 1, page 247 | ||
| 440 | _aJournal of Abnormal Psychology | ||
| 521 | _aPSYCH | ||
| 650 | _aAutism Spectrum Disorder. | ||
| 650 | _aOrder memory. | ||
| 650 | _aShort-term memory. | ||
| 942 | _cSE | ||
| 999 |
_c121279 _d121279 |
||